The scramble for Africa in the 21st century (Record no. 4487)

MARC details
000 -LEADER
fixed length control field 00428nam a22001457a 4500
008 - FIXED-LENGTH DATA ELEMENTS--GENERAL INFORMATION
fixed length control field 250915b |||||||| |||| 00| 0 eng d
020 ## - INTERNATIONAL STANDARD BOOK NUMBER
ISBN 9780958476638
100 ## - MAIN ENTRY--AUTHOR
Author Stephan Harry
245 ## - TITLE STATEMENT
Title The scramble for Africa in the 21st century
260 ## - PUBLICATION, DISTRIBUTION, ETC. (IMPRINT)
Place of publication Cape town
Name of publisher Renaissance press
Date of publication 2006
300 ## - COLLATION
Pagination II 352p.
Other physical details ill.
650 ## - TRACINGS
Main Subject investments, foriegn-Africa
Subdivision (1st) Economic development-Africa
942 ## - ADDED ENTRY ELEMENTS (KOHA)
Item type Books
050 ## - LIBRARY OF CONGRESS CALL NUMBER
Classification number HC800
Item number .S73
Holdings
Source of classification or shelving scheme Not for loan Permanent location Current location Date acquired Accession No. Full call number Barcode. Koha item type
Library of Congress Classification   Samuel Ogbemudia Main Library, University of Abuja Samuel Ogbemudia Main Library, University of Abuja 09/15/2025 2025/65232 HC800.S73 2025-3273 Books